[Event "8th ch-Euro w"]
[Site "Dresden GER"]
[Date "2007.04.14"]
[Round "11"]
[White "Chelushkina,I"]
[Black "Mkrtchian,L"]
[Result "0-1"]
[WhiteElo "2332"]
[BlackElo "2424"]

1.g3 d5 2.Nf3 c6 3.Bg2 Bg4 4.d4 Nd7 5.a4 a5 6.O-O Ngf6 7.Nbd2 e6 8.Qe1 Bf5
9.c3 Be7 10.Qd1 O-O 11.Nh4 Bg4 12.h3 Bh5 13.g4 Bg6 14.Nxg6 hxg6 15.e3 e5
16.Qb3 Qc7 17.dxe5 Nxe5 18.c4 Rad8 19.cxd5 Nxd5 20.Ne4 Kh8 21.f4 Nd7 22.Kh1 Nc5
23.Nxc5 Bxc5 24.e4 Nb4 25.Qc4 Qe7 26.Ra3 Rd4 27.Qe2 Rfd8 28.Be3 R4d7 29.g5 Bxe3
30.Rxe3 Rd2 31.Qg4 Nd3 32.Qg3 Nxb2 33.f5 Nc4 34.f6 Qe5 35.Qh4+ Kg8 36.Rb3 Rd1
37.fxg7 Qxg7 38.Rxb7 Ne3 39.Rxd1 Rxd1+ 40.Kh2 Qe5+ 41.Qg3 Rh1+ 42.Bxh1 Nf1+
43.Kg1 Nxg3  0-1

[Event "8th ch-Euro w"]
[Site "Dresden GER"]
[Date "2007.04.14"]
[Round "11"]
[White "Franciskovic,B"]
[Black "Sudakova,I"]
[Result "1/2-1/2"]
[WhiteElo "2227"]
[BlackElo "2371"]

1.g3 d5 2.Nf3 Nf6 3.Bg2 c6 4.O-O Bg4 5.d3 Nbd7 6.Nbd2 e5 7.e4 Bd6 8.exd5 cxd5
9.c4 O-O 10.cxd5 Nb6 11.Qb3 Nfxd5 12.Ne4 Bc7 13.a4 Ne7 14.Nc5 Rb8 15.Re1 Nc6
16.a5 Bxf3 17.Bxf3 Nd4 18.Qd1 Nxf3+ 19.Qxf3 Nd5 20.Bg5 Qd6 21.Ne4 Qb4 22.Nc3 Nxc3
23.bxc3 Qb3 24.Reb1 Qe6 25.Be3 b6 26.axb6 Bxb6 27.Bxb6 Rxb6 28.Rxb6 axb6
29.c4 g6 30.Rb1 Rd8 31.Rb5 Rd4 32.Qa8+ Kg7 33.Qb8 Rxd3 34.Qxe5+ Qxe5 35.Rxe5 Rd4
36.Rb5 Rxc4  1/2-1/2

[Event "Elitzur Winter"]
[Site "Givataim ISR"]
[Date "2007.04.16"]
[Round "10"]
[White "Kantsler,B"]
[Black "Cohen,O"]
[Result "1-0"]
[WhiteElo "2491"]
[BlackElo "2221"]

1.Nf3 d5 2.g3 c6 3.Bg2 Bg4 4.d3 Nd7 5.Nbd2 e6 6.O-O Bd6 7.b3 Ne7 8.Bb2 O-O
9.c4 a5 10.a3 Qb6 11.Qc2 Rfe8 12.e4 dxe4 13.Nxe4 Bxf3 14.Bxf3 Be5 15.d4 Bxd4
16.Bxd4 Qxd4 17.Rad1 Ne5 18.Rxd4 Nxf3+ 19.Kg2 Nxd4 20.Qc3 Red8 21.Rd1 Nef5
22.Nc5 b6 23.Na4 Rab8 24.c5 bxc5 25.Qxa5 h5 26.Nxc5 Ra8 27.Qb4 Rdb8 28.Qc4 Nb5
29.a4 Nc7 30.Qe4 Nd5 31.Rc1 Rb4 32.Qe5 Ra5 33.Qe1 Nd4 34.Nd3 Rxb3 35.Qxa5 Rxd3
36.Qe1 h4 37.Qe4 Rd2 38.a5 h3+ 39.Kxh3 f5 40.Qe1 Ra2 41.Rc4 c5 42.Rxd4  1-0

[Event "Open"]
[Site "Metz FRA"]
[Date "2007.04.21"]
[Round "8"]
[White "Clery,N"]
[Black "Kasparov,S"]
[Result "0-1"]
[WhiteElo "2349"]
[BlackElo "2536"]

1.g3 d5 2.Nf3 Nf6 3.Bg2 e6 4.O-O c5 5.c4 Nc6 6.cxd5 Nxd5 7.d4 Nf6 8.dxc5 Qxd1
9.Rxd1 Bxc5 10.Nc3 Ke7 11.Bf4 Rd8 12.Rxd8 Nxd8 13.Ne5 Nd7 14.Rc1 Bd6 15.Nd3 Bxf4
16.gxf4 a6 17.Na4 Rb8 18.Nac5 Nxc5 19.Rxc5 Bd7 20.Rc3 Rc8 21.Rxc8 Bxc8 22.Be4 h6
23.Ne5 f6 24.Nc4 Bd7 25.Na5 b6 26.Nc4 Bb5 27.Bd3 Bxc4 28.Bxc4 b5 29.Bd3 Nc6
30.e3 Kd6 31.Kg2 Nb4 32.Bb1 a5 33.Kf3 a4 34.Kg4 g6 35.Bxg6 f5+ 36.Kh5 Nxa2
37.Be8 Nc3 38.Kxh6 b4 39.Bxa4 Nxa4 40.h4 Nxb2 41.h5 Nc4  0-1

[Event "9th Open"]
[Site "Dubai UAE"]
[Date "2007.04.24"]
[Round "3"]
[White "Jasim,A"]
[Black "Bagheri,A"]
[Result "0-1"]
[WhiteElo "2292"]
[BlackElo "2481"]

1.Nf3 d5 2.g3 c6 3.Bg2 Bg4 4.O-O Nd7 5.d4 e6 6.Nbd2 f5 7.c4 Bd6 8.Rb1 Ngf6
9.Qb3 Rb8 10.Qe3 Ne4 11.Ne1 O-O 12.Nd3 Qf6 13.c5 Bc7 14.Nb3 f4 15.Nxf4 Bxf4
16.gxf4 Qg6 17.Nd2 Bf5 18.Ra1 Rf6 19.Kh1 Qh5 20.Nxe4 dxe4 21.f3 Rh6 22.Qg1 Rg6
23.Qf2 Nf6 24.Rg1 Rd8 25.a4 Rh6 26.Bf1 Rxd4 27.Be3 Rd5 28.Rg5 Qh4 29.Qg1 Rg6
30.Qg3 Qh6 31.Qe1 Bh3 32.Qb4 Bxf1 33.Rxf1 exf3 34.exf3 Qh3 35.Qe1 Rd3 36.Rf2 Rxg5
37.fxg5 Nd5 38.Bc1 Rxf3 39.Qe2 Rxf2 40.Qxf2 e5 41.Bd2 e4  0-1

[Event "XIII Open"]
[Site "Cutro ITA"]
[Date "2007.04.29"]
[Round "7"]
[White "Drasko,M"]
[Black "Rotstein,A"]
[Result "1/2-1/2"]
[WhiteElo "2543"]
[BlackElo "2537"]

1.Nf3 d5 2.g3 Nf6 3.Bg2 c6 4.O-O Bf5 5.b3 e6 6.Bb2 Be7 7.d3 h6 8.Nbd2 O-O
9.c4 a5 10.a3 Nbd7 11.Qc2 Bh7 12.Bc3 Qb8  1/2-1/2

[Event "I Open Casino"]
[Site "Lugano SUI"]
[Date "2007.04.29"]
[Round "1"]
[White "Patuzzo,F"]
[Black "Grandadam,P"]
[Result "1-0"]
[WhiteElo "2295"]
[BlackElo "1903"]

1.Nf3 d5 2.g3 c5 3.Bg2 Nf6 4.O-O Nc6 5.d4 Bf5 6.c4 e6 7.cxd5 Nxd5 8.Nc3 Nxc3
9.bxc3 Rc8 10.Qa4 Qd7 11.Rd1 cxd4 12.Nxd4 Nxd4 13.Qxd7+ Kxd7 14.Rxd4+ Ke8
15.Bxb7 Rxc3 16.e4 Bg6 17.Rb1 Bc5 18.Bc6+ Ke7 19.Bg5+ f6 20.Rb7+ Kf8 21.Rd8+ Be8
22.Rxe8+  1-0

[Event "I Open Casino"]
[Site "Lugano SUI"]
[Date "2007.04.29"]
[Round "2"]
[White "Djingarova,E"]
[Black "Astengo,C"]
[Result "1-0"]
[WhiteElo "2281"]
[BlackElo "2110"]

1.Nf3 d5 2.g3 Nf6 3.Bg2 Bf5 4.O-O c6 5.d3 Nbd7 6.Nh4 Bg4 7.h3 Bh5 8.g4 Bg6
9.Nxg6 hxg6 10.Bf4 e5 11.Bg3 Bc5 12.c4 dxc4 13.dxc4 Qe7 14.Nc3 Rd8 15.Qc2 a6
16.a3 O-O 17.Rad1 Rfe8 18.b4 Ba7 19.c5 Nf8 20.Rxd8 Rxd8 21.Rd1 Bb8 22.Bh4 Ne6
23.e3 Nc7 24.Qb3 Rxd1+ 25.Qxd1 Qd7 26.Qxd7 Nxd7 27.Be7 f5 28.Bf1 Kf7 29.Bg5 Nf6
30.Bc4+ Ke7 31.Ne2 Ne6 32.Bh4 fxg4 33.hxg4 g5 34.Bg3 Nxg4 35.Nc1 Bc7 36.Kg2 Nf6
37.Nd3 e4 38.Ne5 Nd5 39.Kh3 Kf6 40.Nd7+ Ke7 41.Ne5 Kf6 42.Bxd5 Bxe5 43.Bxe4 Bb2
44.a4 Ba3 45.b5 axb5 46.axb5 cxb5 47.Bxb7 Nxc5 48.Bc6 b4 49.Bd6 b3 50.Bd5 b2
51.Ba2 Bb4 52.e4 Nd3 53.e5+ Nxe5 54.Bxb4 Nd3 55.Bc3+ Ke7 56.Kg3 g6 57.Bb1 Nc1
58.Bxb2  1-0

[Event "TCh-FRA Top 16"]
[Site "Gonfreville l'Orcher FRA"]
[Date "2007.04.30"]
[Round "6"]
[White "Rausis,I"]
[Black "Palac,M"]
[Result "0-1"]
[WhiteElo "2537"]
[BlackElo "2568"]

1.Nf3 d5 2.g3 g6 3.Bg2 Bg7 4.d4 Nf6 5.O-O O-O 6.Nbd2 Na6 7.Nb3 b6 8.Ne5 Bb7
9.Be3 e6 10.Qc1 Ne4 11.Rd1 Nd6 12.Bh6 Bxh6 13.Qxh6 Qe7 14.Rac1 f6 15.Nd3 e5
16.dxe5 fxe5 17.c4 e4 18.Nf4 dxc4 19.Nd4 c5 20.Nde6 Nf5 21.Qg5 Rf6 22.Rxc4 Rxe6
23.Nxe6 Qxe6 24.b3 Kg7 25.Rc2 h6 26.Qg4 Re8 27.Rcd2 Re7 28.e3 Nb4 29.Qf4 Nd3
30.Qb8 Bc6 31.Qd8 Re8 32.Qc7+ Re7 33.Qd8 b5 34.h3 c4 35.bxc4 bxc4 36.Rb1 Qe5
37.Rc2 Re8  0-1

[Event "I Open Casino"]
[Site "Lugano SUI"]
[Date "2007.04.30"]
[Round "3"]
[White "Salvetti,A"]
[Black "Zelcic,R"]
[Result "0-1"]
[WhiteElo "2278"]
[BlackElo "2554"]

1.Nf3 d5 2.g3 c5 3.Bg2 Nf6 4.c4 d4 5.d3 Nc6 6.O-O e5 7.e3 Nd7 8.exd4 cxd4
9.Re1 Be7 10.Na3 O-O 11.Nc2 a5 12.b3 f6 13.Rb1 Nc5 14.Ba3 Bg4 15.Qd2 Re8
16.Bxc5 Bxc5 17.a3 Bf8 18.h3 Bh5 19.Ra1 Kh8 20.Nh4 Qd7 21.b4 g5 22.b5 Nd8
23.Nf3 Ne6 24.Nh2 Nc5 25.Rab1 Bg6 26.Bf1 e4 27.dxe4 Nxe4 28.Qxd4 Qf7 29.Qb2 Bc5
30.Ne3 Nxf2 31.Kxf2 Bxb1 32.Qxb1 Rxe3 33.Rxe3 Re8 34.Ng4 f5 35.Qa1+ Qg7 36.Qxg7+ Kxg7
37.Ke2 Bxe3 38.Nxe3 f4 39.gxf4 gxf4 40.Bg2 Rxe3+ 41.Kf2 b6  0-1

[Event "12th Cvitanovic Mem A"]
[Site "Split CRO"]
[Date "2007.04.30"]
[Round "3"]
[White "Romanishin,O"]
[Black "Gara,A"]
[Result "1/2-1/2"]
[WhiteElo "2542"]
[BlackElo "2337"]

1.Nf3 d5 2.g3 c5 3.Bg2 Nc6 4.d4 e6 5.O-O Nf6 6.c4 Be7 7.dxc5 Bxc5 8.a3 O-O
9.b4 Be7 10.Bb2 Qb6 11.Nbd2 Rd8 12.Qc2 Bd7 13.e4 dxc4 14.Nxc4 Qa6 15.Rab1 b5
16.Nce5 Nxe5 17.Nxe5 Rac8 18.Qe2 Qa4 19.Rfc1 a5 20.Nxd7 Nxd7 21.Bf1 axb4
22.axb4 Qxb4 23.Qxb5 Qxb5 24.Bxb5 Rb8 25.Bxd7  1/2-1/2

[Event "TCh-RUS HL"]
[Site "Sochi RUS"]
[Date "2007.05.04"]
[Round "2"]
[White "Vitiugov,N"]
[Black "Krapivin,A"]
[Result "1-0"]
[WhiteElo "2592"]
[BlackElo "2486"]

1.Nf3 d5 2.g3 Nf6 3.Bg2 e6 4.O-O Bd6 5.c4 O-O 6.d4 Ne4 7.Nc3 Nxc3 8.bxc3 c6
9.a4 Nd7 10.a5 Rb8 11.Bg5 f6 12.Bc1 b5 13.axb6 axb6 14.Qb3 Bb7 15.cxd5 cxd5
16.e4 Qc7 17.Nd2 e5 18.exd5 exd4 19.cxd4 Ra8 20.Ba3 Qb8 21.Bxd6 Qxd6 22.Nc4 Qb8
23.Nxb6 Rxa1 24.Rxa1 Nxb6 25.Qxb6 Ba8 26.Qe6+ Kh8 27.d6 Bxg2 28.Kxg2 h6 29.Qe7 Rg8
30.d7 Rd8 31.d5 Kh7 32.Rc1 Qa8 33.Qe4+  1-0

[Event "TCh-RUS"]
[Site "Sochi RUS"]
[Date "2007.05.04"]
[Round "3"]
[White "Maletin,P"]
[Black "Kobalia,M"]
[Result "1/2-1/2"]
[WhiteElo "2541"]
[BlackElo "2639"]

1.Nf3 d5 2.g3 Bg4 3.Bg2 Nd7 4.c4 c6 5.cxd5 cxd5 6.Nc3 e6 7.Qa4 Bxf3 8.Bxf3 Nf6
9.O-O Be7 10.d4 O-O 11.Qb3 Nb6 12.a4 Qd7 13.a5 Nc4 14.e4 dxe4 15.Nxe4 Nxe4
16.Bxe4 Nd6 17.Bg2 Rad8 18.a6 bxa6 19.d5 exd5 20.Qxd5 Qb5  1/2-1/2

[Event "ch-LTU"]
[Site "Siauliai LTU"]
[Date "2007.05.05"]
[Round "1"]
[White "Zagorskis,D"]
[Black "Sakalauskas,V"]
[Result "1/2-1/2"]
[WhiteElo "2463"]
[BlackElo "2423"]

1.g3 d5 2.Nf3 c5 3.Bg2 Nc6 4.d4 e6 5.O-O Nf6 6.c4 dxc4 7.Qa4 cxd4 8.Nxd4 Qxd4
9.Bxc6+ Bd7 10.Rd1 Bxc6 11.Qxc6+ bxc6 12.Rxd4 c5 13.Rxc4 Be7 14.Nd2 O-O 15.Nb3 Nd5
16.Bd2 Rab8 17.Rac1 Rfc8 18.Ra4 Rb7 19.Rc2 h6 20.e4 Nb6 21.Ra6 c4 22.Na5 Rd7
23.Be3 Bd8 24.Bxb6 Bxb6 25.Rxc4 Rdc7 26.b3 Bxa5 27.Rxa5 Rxc4 28.bxc4 Rxc4  1/2-1/2

[Event "TCh-RUS HL"]
[Site "Sochi RUS"]
[Date "2007.05.05"]
[Round "3"]
[White "Ogloblin,N"]
[Black "Kiselev,G"]
[Result "1/2-1/2"]
[WhiteElo "2384"]
[BlackElo "2424"]

1.Nf3 d5 2.g3 c6 3.Bg2 Nf6 4.O-O Bg4 5.c4 e6 6.Qb3 Qb6 7.Qc2 Nbd7 8.d3 Be7
9.Be3 Qc7 10.cxd5 Nxd5 11.Bd2 O-O 12.Nc3 Rfc8 13.Rac1 Qd8 14.a3 Bh5 15.Rfe1 a5
16.d4 Bg6 17.e4 b5 18.Qb3 N5b6 19.Bf4 b4 20.Na4 Nxa4 21.Qxa4 c5 22.Qb5 bxa3
23.bxa3 a4 24.d5 exd5 25.exd5 Bf5 26.h4 h6 27.d6 Bf6 28.Ne5 Ra5 29.Qc4 Bxe5
30.Bxe5 Be6 31.Qc3 Nxe5 32.Rxe5 Rb5 33.Qd2 Rb6 34.Rexc5 Rxc5 35.Rxc5 Rxd6
36.Qf4 Rd4 37.Qe5 Qd6 38.Qxd6 Rxd6 39.Be4  1/2-1/2

[Event "TCh-RUS w"]
[Site "Sochi RUS"]
[Date "2007.05.06"]
[Round "6"]
[White "Kovalevskaya,E"]
[Black "Cherenkova,K"]
[Result "1-0"]
[WhiteElo "2432"]
[BlackElo "2249"]

1.Nf3 d5 2.g3 Nf6 3.Bg2 c6 4.O-O Bf5 5.d3 e6 6.Nbd2 Be7 7.Qe1 h6 8.b3 Bh7
9.Bb2 Nbd7 10.e4 Nc5 11.e5 Nfd7 12.Qe2 Qc7 13.Rae1 O-O-O 14.a3 Rde8 15.b4 Na4
16.Ba1 f6 17.Nb3 fxe5 18.Nxe5 Nxe5 19.Bxe5 Bd6 20.Bh3 Bf5 21.Bxd6 Qxd6 22.Bxf5 exf5
23.Qxe8+ Rxe8 24.Rxe8+ Kd7 25.Rfe1 Qf6 26.R1e5 f4 27.Nd4 fxg3 28.hxg3 g6
29.R8e6 Qf7 30.c4 dxc4 31.dxc4 Nc3 32.c5 Nb5 33.Nxb5 cxb5 34.Rd6+ Kc7 35.Kg2 a6
36.Ree6 g5 37.c6 bxc6 38.Rxc6+ Kb7 39.Rb6+  1-0

[Event "TCh-RUS w"]
[Site "Sochi RUS"]
[Date "2007.05.06"]
[Round "6"]
[White "Kharashuta,E"]
[Black "Komiagina,M"]
[Result "1/2-1/2"]
[WhiteElo "2218"]
[BlackElo "2288"]

1.Nf3 d5 2.g3 Nf6 3.Bg2 Bg4 4.c4 e6 5.O-O Nbd7 6.b3 Bd6 7.Bb2 O-O 8.d3 c6
9.Nbd2 e5 10.Qc2 Qe7 11.h3 Bf5 12.Rac1 h6 13.e4 dxe4 14.dxe4 Be6 15.Rfd1 Rfd8
16.Nf1 Nh7 17.Ne3 Ng5 18.Nh4 g6 19.Nhf5 gxf5 20.exf5 Bc5 21.Ng4 h5 22.Ne3 Bxe3
23.fxe3 Nc5 24.fxe6 Qxe6 25.h4 Nh7 26.b4 Nd7 27.Be4 Qh6 28.Bxh7+ Qxh7 29.Qxh7+ Kxh7
30.Rd6 Nb6 31.Rf6 Kg7 32.Bxe5 Nd7 33.Rf5+ Nxe5 34.Rxe5 Rd2 35.Rf1 Rad8 36.Rxh5 Rxa2
37.Rg5+ Kf8 38.Rgf5 Rd7 39.h5 Kg7 40.b5 cxb5 41.cxb5 a6 42.bxa6 bxa6 43.g4 Re2
44.R5f3 Re7 45.Ra1 R7xe3 46.Rxe3 Rxe3 47.Kf2 Re6 48.Kf3 Rb6 49.Ra5 Rh6 50.Kf4  1/2-1/2

[Event "TCh-RUS w"]
[Site "Sochi RUS"]
[Date "2007.05.06"]
[Round "6"]
[White "Fominykh,M"]
[Black "Ruan Lufei"]
[Result "0-1"]
[WhiteElo "2306"]
[BlackElo "2370"]

1.Nf3 d5 2.g3 Nf6 3.Bg2 c6 4.d3 Bg4 5.Nbd2 Nbd7 6.h3 Bh5 7.O-O e5 8.e4 dxe4
9.dxe4 Be7 10.b3 O-O 11.Bb2 Qc7 12.Qe1 b5 13.Nh4 Ne8 14.Nf5 Bc5 15.a4 b4
16.a5 Nd6 17.Kh1 f6 18.Nxd6 Qxd6 19.Nc4 Qe7 20.f4 Rae8 21.f5 Bd4 22.Ra4 c5
23.Bc1 Nb8 24.Bf3 Bf7 25.Be2 Nc6 26.Bd3 Qc7 27.Bd2 Kh8 28.a6 Ne7 29.Na5 Rb8
30.g4 Be8 31.Ra2 Bb5 32.g5 fxg5 33.Bxg5 Ng8 34.Qe2 Be8 35.Nc4 Nf6 36.Ne3 Bc6
37.Ng2 Qf7 38.Kh2 Rb6 39.Nh4 Qe8 40.Qe1 Qh5 41.Bc1 Bc3 42.Qg3 Nxe4 43.Bxe4 Bxe4
44.Bg5 Qe2+ 45.Rf2 Qd1 46.Ng2 Rxf5 47.Rxf5 Bxf5 48.Qf2 Qd7 49.Qxc5 Rb8 50.Be3 Ra8
51.Ra5 h6 52.Nh4 Bxc2 53.Rb5 Be4 54.Bf2 Qd2 55.Qe3 Qc2 56.Qc5 Kh7 57.Rb7 Bxb7
58.axb7 Rb8 59.Qxa7 Rxb7 60.Qxb7 Qxf2+ 61.Ng2 Qc2 62.Qd5 Bd4 63.h4 h5 64.Qf7 Qg6
65.Qc4 Qb1 66.Qd5 Bg1+ 67.Kg3 Qg6+  0-1

[Event "TCh-RUS HL"]
[Site "Sochi RUS"]
[Date "2007.05.07"]
[Round "5"]
[White "Filippov,Va"]
[Black "Vitiugov,N"]
[Result "1/2-1/2"]
[WhiteElo "2552"]
[BlackElo "2592"]

1.Nf3 d5 2.g3 Bg4 3.Bg2 Nd7 4.c4 e6 5.Qb3 Nc5 6.Qc2 Nf6 7.O-O Be7 8.d3 O-O
9.Be3 Ncd7 10.cxd5 exd5 11.Qb3 Bc5 12.Bxc5 Nxc5 13.Qb4 b6 14.Nc3 Re8 15.h3 Bc8
16.Qh4 Ne6 17.Rac1 Bb7 18.d4 h6 19.e3 Qd6 20.Rfd1 a6 21.a3 Rad8 22.b4 Qf8
23.g4 c5 24.bxc5 bxc5 25.dxc5 Qxc5 26.a4 Qa3 27.g5 hxg5 28.Nxg5 Nxg5 29.Qxg5 Rc8
30.Nxd5 Rxc1  1/2-1/2

[Event "TCh-RUS w"]
[Site "Sochi RUS"]
[Date "2007.05.07"]
[Round "7"]
[White "Stefanova,A"]
[Black "Ubiennykh,E"]
[Result "0-1"]
[WhiteElo "2496"]
[BlackElo "2302"]

1.Nf3 d5 2.g3 Bg4 3.Bg2 Nd7 4.d3 Ngf6 5.h3 Bf5 6.Nh4 Bg6 7.O-O e6 8.Qe1 Bc5
9.e4 dxe4 10.dxe4 e5 11.Bg5 O-O 12.Nd2 Re8 13.Rd1 Qe7 14.Nc4 Qe6 15.Qe2 b5
16.Nd2 a6 17.Ra1 Bb6 18.a4 Qc6 19.a5 Ba7 20.Rac1 Nc5 21.Nxg6 hxg6 22.Be3 Qb7
23.b4 Ne6 24.Nb3 c5 25.bxc5 Rac8 26.c4 b4 27.Rfd1 Nxc5 28.Qc2 Rc6 29.g4 Qc7
30.g5 Nfd7 31.Rd5 Nxb3 32.Qxb3 Bxe3 33.Qxe3 Nc5 34.Qg3 Qxa5 35.Rxe5 Rxe5
36.Qxe5 Rc8 37.Rb1 b3 38.Qb2 Qb4 39.Qd4 Ne6 40.Qe3 Rb8 41.f4 Qxc4 42.f5 gxf5
43.exf5 Qc5 44.Qxc5 Nxc5 45.Bd5 Kf8 46.Kf2 a5 47.Ke3 Rb4 48.g6 fxg6 49.fxg6 a4
50.Bf7 a3 51.Kd2 Ne4+ 52.Kd3 a2 53.Rf1 Ke7 54.Re1 Kd6 55.Ke3 Nc3 56.Kd3 Nb1
57.Re6+ Kc5 58.Ra6 Rd4+ 59.Ke3 Rd6 60.Ra7 Kb4 61.Rb7+ Ka5 62.Bc4 Na3  0-1

[Event "4NCL 2006-07"]
[Site "Wokefield Park ENG"]
[Date "2007.05.07"]
[Round "11"]
[White "King,D"]
[Black "Radovanovic,J"]
[Result "1/2-1/2"]
[WhiteElo "2528"]
[BlackElo "2362"]

1.g3 d5 2.Nf3 Nf6 3.Bg2 c6 4.O-O Bf5 5.d3 e6 6.c4 Nbd7 7.cxd5 cxd5 8.Nc3 Bc5
9.Qb3 Qb6 10.Qxb6 Bxb6 11.Nh4 Bg6 12.Nxg6 hxg6 13.Bd2 O-O 14.Rac1 Rac8 15.h3 a6
16.Rfd1 Ba7 17.Kf1 Rfd8 18.e3 Ne5 19.Ke2 Nc6 20.Na4 Nd7 21.Be1 Kf8 22.e4  1/2-1/2

[Event "2nd President's Cup"]
[Site "Baku AZE"]
[Date "2007.05.08"]
[Round "6"]
[White "Burmakin,V"]
[Black "Gavasheli,A"]
[Result "1-0"]
[WhiteElo "2593"]
[BlackElo "2175"]

1.Nf3 d5 2.g3 c5 3.Bg2 Nc6 4.d4 e6 5.O-O Nf6 6.c4 Be7 7.cxd5 exd5 8.Nc3 O-O
9.b3 Re8 10.Bb2 b6 11.Rc1 Bb7 12.Na4 Ne4 13.dxc5 bxc5 14.Nd2 Nb4 15.Nxe4 dxe4
16.Nxc5 Bxc5 17.Rxc5 Ba6 18.Qe1 Qb6 19.Qc3 f6 20.a3 Bxe2 21.axb4 Bxf1 22.Bxf1 Rad8
23.Rc6 Qb8 24.Rxf6 Re7 25.Bc4+ Kh8 26.Rf7  1-0

[Event "TCh-RUS HL"]
[Site "Sochi RUS"]
[Date "2007.05.08"]
[Round "6"]
[White "Pigusov,E"]
[Black "Kharitonov,Alexandr"]
[Result "1/2-1/2"]
[WhiteElo "2556"]
[BlackElo "2507"]

1.Nf3 d5 2.g3 c6 3.Bg2 Bg4 4.d3 Nf6 5.O-O Nbd7 6.c4 e6 7.Nc3 Be7 8.cxd5 cxd5
9.h3 Bh5 10.Nd4 O-O 11.Nb3 Nc5 12.g4 Bg6 13.f4 h6 14.Kh1 Bh7  1/2-1/2

[Event "TCh-RUS w"]
[Site "Sochi RUS"]
[Date "2007.05.08"]
[Round "8"]
[White "Kharashuta,E"]
[Black "Lupik,M"]
[Result "1/2-1/2"]
[WhiteElo "2218"]
[BlackElo "2215"]

1.Nf3 d5 2.g3 c6 3.Bg2 Bf5 4.c4 e6 5.b3 Nf6 6.Bb2 Bd6 7.d3 Nbd7 8.Nbd2 Qe7
9.Qc2 e5 10.cxd5 cxd5 11.e4 dxe4 12.dxe4 Be6 13.O-O O-O 14.Rac1 Rfd8 15.Qb1 Ne8
16.Nc4 f6 17.Nxd6 Qxd6 18.Rfd1 Qb6 19.Ba3 Nf8 20.Nd2 Qa5 21.Qb2 b5 22.Bc5 Bf7
23.Bf1 Bh5 24.f3 Ne6 25.b4 Qa4 26.Re1 Nd4 27.Re3 Qa6 28.a4 Qb7 29.axb5 Nxb5
30.Nb3 Ned6 31.Na5 Qd7 32.Rd1 Qe8 33.Red3 Nf7 34.g4 Rxd3 35.Bxd3 Bg6 36.Bc4 Kh8
37.Rd3 h5 38.Bd5 Rc8 39.h3 Ng5 40.Kg2 Ne6 41.Bxe6 Qxe6 42.Qd2 Kh7 43.Rd7 hxg4
44.hxg4 Bxe4 45.fxe4 Qxg4+ 46.Kf1 Qf3+ 47.Kg1 Qg4+ 48.Kf1 Qh3+ 49.Kg1 Qg4+
50.Kf1 Qf3+ 51.Kg1  1/2-1/2

[Event "TCh-RUS HL"]
[Site "Sochi RUS"]
[Date "2007.05.09"]
[Round "7"]
[White "Loginov,Va"]
[Black "Sirotine,K"]
[Result "1/2-1/2"]
[WhiteElo "2496"]
[BlackElo "2411"]

1.Nf3 d5 2.g3 c6 3.Bg2 Bg4 4.c4 e6 5.O-O Nd7 6.cxd5 exd5 7.d3 Ngf6 8.Nc3 Bc5
9.Qc2 O-O 10.e4 dxe4 11.dxe4 Qe7 12.h3 Bxf3 13.Bxf3 Rad8 14.Bg2 Ne5 15.Kh1 Nd3
16.Bg5 h6 17.Bxf6 Qxf6 18.f4 Qd4 19.Kh2 Bb4 20.Rad1 Bxc3 21.bxc3 Qc4 22.Rd2 Nc5
23.Rfd1 Rxd2 24.Rxd2 Qa4 25.Qb1 a5 26.e5 Qc4 27.Qc2 f6 28.Rd4 Qf7 29.exf6 Qxf6
30.Qe2 Qe6 31.Qxe6+ Nxe6 32.Ra4 Rf5 33.Re4 Kf7 34.Kg1 Nc5 35.Rd4 Ke7 36.h4 Rf6
37.Rc4 b6 38.Kf2 Rd6 39.Rd4 Ne6 40.Rxd6 Kxd6 41.Ke3 b5 42.f5 Nc5 43.g4 b4
44.cxb4 axb4 45.g5 hxg5 46.hxg5 b3 47.axb3 Nxb3 48.Bxc6 Nc5 49.Be4 Ke7 50.Kd4 Nd7
51.Bc6 Nf8 52.Ke5 Ng6+ 53.Ke4 Kf8 54.Bd5 Ne7 55.Bb3 Ng6 56.Bd1 Ne7 57.Ke5 Ng6+
58.Kd6 Nf4 59.Bg4 Ng6  1/2-1/2

[Event "TCh-RUS"]
[Site "Sochi RUS"]
[Date "2007.05.09"]
[Round "8"]
[White "Maletin,P"]
[Black "Motylev,A"]
[Result "1/2-1/2"]
[WhiteElo "2541"]
[BlackElo "2642"]

1.Nf3 d5 2.g3 c6 3.c4 dxc4 4.Bg2 Nd7 5.Qc2 Nb6 6.a4 a5 7.Na3 Qd5 8.O-O Bf5
9.Qc3 e6 10.Ne5 Be4 11.Naxc4 Nxc4 12.Bxe4 Qxe4 13.Nxc4 Qxe2 14.Nxa5 Qa6 15.Nb3 Nf6
16.Nc5 Bxc5 17.Qxc5 Qa5 18.d4 Nd5 19.b3 Qc7 20.Ba3 f6 21.Rfe1 Kf7 22.Re4 Rhe8
23.Rae1 Qd7 24.Qc2 Kg8 25.Bc1 Rad8 26.Bd2 Qf7 27.Qd3 Rd6 28.Qf3 Qd7 29.Bc1 Qf7
30.R4e2 Rd7 31.Qg4 Nc7 32.Bd2 Red8 33.Bc3 Rd5 34.Qf3 Qh5 35.Qd3 R5d7 36.Qc4 Qd5
37.Bb2 Qxc4 38.bxc4 Ra8 39.Ra1 Kf7 40.Re3 Ne8 41.Rb3 Nd6 42.Rb4 Nf5 43.Bc3 Ra7
44.Rab1 Kg6 45.c5 Ne7 46.Rc4 Nd5 47.Bd2 h5 48.h4 Rd8 49.f3 Rda8 50.a5 Rd8
51.Kf2 Nc7 52.Ra1 Nb5 53.Be3 Kf7 54.Rca4 Ra6 55.Rc1 Ke7 56.Ke2 Rda8 57.Bd2 Rd8
58.Be3 Rd5 59.Kf2 Rd7 60.g4 Rd5 61.Rg1 Kf7  1/2-1/2

[Event "Mitropa Cup Men"]
[Site "Szeged HUN"]
[Date "2007.05.09"]
[Round "2"]
[White "Zueger,B"]
[Black "Skoberne,J"]
[Result "0-1"]
[WhiteElo "2415"]
[BlackElo "2440"]

1.g3 d5 2.Nf3 Bg4 3.Bg2 Nd7 4.c4 e6 5.d4 c6 6.O-O Ngf6 7.b3 a5 8.Nbd2 Be7
9.Bb2 O-O 10.Ne5 Nxe5 11.dxe5 Nd7 12.h3 Bh5 13.cxd5 cxd5 14.g4 Bg6 15.e4 Nc5
16.exd5 exd5 17.Qf3 Nd3 18.Bd4 Bg5 19.Rfd1 Re8 20.Bf1 Nxe5 21.Bxe5 Rxe5 22.Nc4 Be4
23.Qg3 Re6 24.Ne3 Qf6 25.Nf5 g6 26.h4 Bd2 27.Rxd2 Qxa1 28.Nd4 Ree8  0-1

[Event "TCh-RUS w"]
[Site "Sochi RUS"]
[Date "2007.05.11"]
[Round "11"]
[White "Kovalevskaya,E"]
[Black "Gaponenko,I"]
[Result "1/2-1/2"]
[WhiteElo "2432"]
[BlackElo "2451"]

1.Nf3 d5 2.g3 c6 3.Bg2 Bf5 4.O-O e6 5.d3 Nf6 6.Nbd2 h6 7.b3 Be7 8.Bb2 O-O
9.Ne5 Nbd7 10.e4 Bh7 11.Nxd7 Qxd7 12.Qe2 a5 13.a4 Rad8 14.e5 Ne8 15.f4 Nc7
16.Kh1 Na6 17.Nf3 Nb4 18.Nd4 c5 19.Nb5 c4 20.bxc4 dxc4 21.dxc4 Bxc2 22.Qf3 Bd3
23.Rfd1 Qc6 24.Nd6 Qxf3 25.Bxf3 Bxd6 26.exd6 Rxd6 27.Bxb7 Rb6 28.Bf3 Bxc4
29.Bd4 Rd6 30.Be3  1/2-1/2

[Event "Mitropa Cup Men"]
[Site "Szeged HUN"]
[Date "2007.05.11"]
[Round "4"]
[White "Tibensky,R"]
[Black "Godena,M"]
[Result "0-1"]
[WhiteElo "2422"]
[BlackElo "2558"]

1.Nf3 d5 2.g3 c6 3.Bg2 Bg4 4.b3 Nd7 5.Bb2 e6 6.O-O Ngf6 7.d4 Be7 8.c4 O-O
9.Nc3 Qc7 10.h3 Bxf3 11.Bxf3 Rad8 12.e3 Rfe8 13.Bg2 Qa5 14.Qc2 Ba3 15.Rab1 Bxb2
16.Rxb2 Qb4 17.c5 e5 18.a3 Qa5 19.b4 Qc7 20.b5 exd4 21.exd4 Nf8 22.Rfb1 Ne6
23.Qa4 Ne4 24.Ne2 Ra8 25.bxc6 bxc6 26.Rb7 Qc8 27.Rxa7 Rxa7 28.Qxa7 N6g5 29.Nf4 Nd2
30.Rd1 Ngf3+ 31.Bxf3 Nxf3+ 32.Kg2 Qf5 33.Kxf3 Qe4+ 34.Kg4 h5+ 35.Kg5 f6+
36.Kh4 Qf5 37.g4 Qxf4 38.Qd7 Qxf2+ 39.Kxh5 Qe3 40.Kh4 Qh6+  0-1

[Event "Mitropa Cup Women"]
[Site "Szeged HUN"]
[Date "2007.05.13"]
[Round "6"]
[White "Ignacz,M"]
[Black "Purgar,I"]
[Result "1-0"]
[WhiteElo "2238"]
[BlackElo "1975"]

1.Nf3 d5 2.g3 c6 3.Bg2 Nf6 4.O-O Bg4 5.d3 Nbd7 6.Nbd2 e5 7.e4 dxe4 8.dxe4 Bc5
9.h3 Bh5 10.Qe2 O-O 11.Rd1 Qe7 12.c3 Rad8 13.Nf1 Bb6 14.b4 Rfe8 15.Bg5 h6
16.Bd2 c5 17.Ne3 Bg6 18.Nh4 cxb4 19.Nef5 Bxf5 20.Nxf5 Qe6 21.Bxh6 Qc6 22.Bxg7 Qxc3
23.Rac1 Qa3 24.Qd2 Nh7 25.Qh6 Bc5 26.Rxc5 Nxc5 27.Rxd8  1-0

[Event "25th Liechtenstein Open"]
[Site "Triesen LIE"]
[Date "2007.05.15"]
[Round "5"]
[White "Hera,I"]
[Black "Szabo,Kr1"]
[Result "1/2-1/2"]
[WhiteElo "2477"]
[BlackElo "2438"]

1.Nf3 d5 2.g3 c6 3.Bg2 Nf6 4.O-O Bg4 5.d3 Nbd7 6.Nbd2 e5 7.e4 Bd6 8.h3 Bh5
9.Qe1 O-O 10.a4 a5 11.Nb3 Re8 12.Bd2 b6 13.Nh4 Rc8 14.Bf3 Bxf3 15.Nxf3 Qe7
16.Qe2 Bb4 17.c3 Bd6 18.Kg2 Qe6 19.Ng5 Qe7 20.Nf3 Qe6 21.Ng5 Qe7 22.Nf3  1/2-1/2

[Event "25th Liechtenstein Open"]
[Site "Triesen LIE"]
[Date "2007.05.15"]
[Round "5"]
[White "Grunberg,M"]
[Black "Peredy,F"]
[Result "1-0"]
[WhiteElo "2442"]
[BlackElo "2328"]

1.Nf3 d5 2.g3 Bg4 3.Bg2 Nd7 4.c4 e6 5.cxd5 exd5 6.O-O c6 7.d3 Bc5 8.Nc3 Ngf6
9.Qb3 Bb6 10.Na4 O-O 11.Nxb6 axb6 12.Be3 Re8 13.Rfe1 Ra6 14.Qc2 h6 15.h3 Bf5
16.g4 Bh7 17.Bf4 Qe7 18.a3 Rea8 19.Rac1 Ra4 20.Bg3 b5 21.Nd2 b4 22.axb4 Qxb4
23.e4 Ra2 24.Nb3 dxe4 25.dxe4 Re8 26.f3 Nf8 27.Rcd1 Ne6 28.f4 Qb6+ 29.Kh2 Nd5
30.f5 Ne3 31.Rxe3 Qxe3 32.fxe6 fxe6 33.Nc5 Bg6 34.h4 b6 35.Nd7 Qa3 36.Rd2 Qe3
37.Ne5 Bf7 38.Rf2 Rf8 39.Qxc6 Ra7 40.Nxf7 Raxf7 41.Qxe6 Qc5 42.e5  1-0

[Event "Mitropa Cup Men"]
[Site "Szeged HUN"]
[Date "2007.05.16"]
[Round "9"]
[White "Michalik,P"]
[Black "Feller,S"]
[Result "0-1"]
[WhiteElo "2311"]
[BlackElo "2445"]

1.Nf3 d5 2.g3 Nf6 3.Bg2 c6 4.O-O Bg4 5.d4 Nbd7 6.b3 e6 7.Bb2 Be7 8.c4 O-O
9.Nc3 Re8 10.h3 Bh5 11.Rc1 a5 12.Qd2 Bb4 13.Qd1 Bg6 14.c5 Bxc3 15.Bxc3 Be4
16.a3 Re7 17.Re1 Ne8 18.Qd2 a4 19.b4 Nc7 20.Qb2 h6 21.Bd2 Nb5 22.Bf4 f6 23.Bf1 Re8
24.g4 Bxf3 25.exf3 Nxd4 26.Qxd4 e5 27.Qd2 exf4 28.Qxf4 Ne5 29.Qg3 g5 30.f4 Ng6
31.fxg5 hxg5 32.Qc3 Re5 33.Qd4 Qe7 34.Re3 Rxe3 35.fxe3 Qe5 36.Qxe5 fxe5 37.Be2 d4
38.Rd1 Rd8 39.Bd3 Ne7 40.exd4 exd4 41.Bc2 Kg7 42.Bxa4 Ng6 43.Bc2 Nf4 44.Be4 Ne2+
45.Kf2 Nc3 46.Re1 d3 47.Bxd3 Rxd3 48.Re7+ Kf6 49.Rxb7 Ne4+ 50.Kg2 Rg3+ 51.Kh2 Rxa3
52.b5 Ra2+ 53.Kg1 cxb5 54.Rxb5 Ke5 55.c6+ Kf4 56.Kf1 Kg3 57.Rb3+ Kh4 58.Kg1 Rc2
59.Re3 Nf2  0-1